| 000 | 00499 a2200169 4500 | ||
|---|---|---|---|
| 003 | OSt | ||
| 005 | 20231106135130.0 | ||
| 008 | 231106b |||||||| |||| 00| 0 eng d | ||
| 020 | _a9789384355005 | ||
| 040 | _coclc | ||
| 082 |
_a954 _bHAS/I |
||
| 100 |
_aHasan, K A Siddique _99838 |
||
| 245 |
_aIndian Muslimkal Athijeevanathinte Vazhikal / _cProf. K A Siddiqui Hasan |
||
| 260 |
_aKerala: _bVachanam books, |
||
| 300 | _a336 p | ||
| 942 |
_2ddc _cBK _h954 _iHAS/I _k954 _mHAS/I |
||
| 999 |
_c42818 _d42818 |
||